Shanghai Metro Stations - Statistics

General Stats
  • This quiz has been taken 342 times
    146 since last reset
  • The average score is 153 of 411
Answer Stats
% Correct
People's Square
75%
Pudong International Airport
72%
Hongqiao Railway Station
70%
Lujiazui
70%
Shanghai Railway Station
70%
Xinzhuang
69%
East Nanjing Road
68%
Shanghai South Railway Station
68%
Hongqiao Airport Terminal 2
67%
Longyang Road
67%
West Nanjing Road
67%
Century Avenue
66%
East Xujing
66%
Xujiahui
66%
Fujin Road
65%
Shanghai Stadium
64%
Site of the First CPC National Congress · South Huangpi Road
64%
Zhongshan Park
63%
Jing'an Temple
62%
Jiangsu Road
61%
Century Park
59%
Disney Resort
59%
Gongfu Xincun
59%
Hongqiao Road
59%
Nanpu Bridge
59%
Yishan Road
59%
Dishui Lake
58%
Hongqiao Airport Terminal 1
58%
Pudian Road
58%
Jinshajiang Road
57%
Pudong Avenue
57%
Site of the First CPC National Congress · Xintiandi
57%
South shaanxi Road
57%
Yuyuan Garden
57%
Zhangjiang Hi-Tech Park
57%
Caoyang Road
56%
Haitiansan Road
56%
Hanzhong Road
56%
Jinjiang Park
56%
Loushanguan Road
56%
Oriental Sports Center
56%
South Changjiang Road
56%
Damuqiao Road
55%
Huaqiao
55%
Jiao tong University
55%
Meilan Lake
55%
North Jiangyang Road
55%
West Yan'an Road
55%
Zhenping Road
55%
Baoshan Road
54%
Guanglan Road
54%
Hongkou Football Stadium
54%
Shanghai Indoor Stadium
54%
Shanghai Zoo
54%
Shendu Highway
54%
South Xizang Road
54%
Tangqiao
54%
Waihuanlu
54%
Caobao Road
53%
Changshu Road
53%
Chuansha
53%
Dongchang Road
53%
Shanghai West Railway Station
53%
Xinzha Road
53%
Hailun Road
52%
North Jiading
52%
Tieli Road
52%
Zhongtan Road
52%
Dalian Road
51%
Dashijie
51%
Longcao Road
51%
Shanghai Science and Technology Museum
51%
Dongbaoxing Road
49%
Gangcheng Road
49%
Luban Road
49%
Songhong Road
49%
Yuandong Avenue
49%
Beixinjing
48%
Dabaishu
48%
Dongchuan Road
48%
Fudan University
48%
Jinke Road
48%
Longhua
48%
North Zhongshan road
48%
Pengpu Xincun
48%
Songjiang South Railway Station
48%
Tangzhen
48%
West Youyi Road
48%
Zuibaichi Park
48%
Dong'an Road
47%
Dongjing
47%
Fengxian Xincheng
47%
Guilin Road
47%
Huamu Road
47%
Lancun Road
47%
Lianhua Road
47%
Middle Chuangxin Road
47%
Middle Huaxia Road
47%
Qufu Road
47%
Shanghai Circus World
47%
Shanghai University
47%
Sijing
47%
Weining Road
47%
West Jiading
47%
Caoxi Road
46%
Hulan Road
46%
Jiuting
46%
Qibao
46%
Sheshan
46%
Wenshui Road
46%
Wujiaochang
46%
Zhuanqiao
46%
Caolu
45%
Chunshen Road
45%
East Huaxia Road
45%
Laoximen
45%
Middle Yanggao Road
45%
Nanxiang
45%
South Pudong Road
45%
Xiaonanmen
45%
Zhaojiabang Road
45%
Bao'an Highway
44%
Hengshan Road
44%
Jiading Xincheng
44%
Lingkong Road
44%
Middle Longhua Road
44%
Minhang Development Zone
44%
Shangcheng Road
44%
Shanghai Circuit
44%
Tongji University
44%
Dapuqiao
43%
Jilong Road
43%
Jinhai Road
43%
Madang Road
43%
Shanghai Library
43%
Shilong Road
43%
Shuichan Road
43%
Songjiang University Town
43%
Tilanqiao
43%
Yangshupu Road
43%
Zhujiajiao
43%
Fuxing Island
42%
Guilin Park
42%
Lujiabang Road
42%
Qixin Road
42%
Tiantong Road
42%
Zhenru
42%
Gucun Park
41%
Hangtou
41%
Hangzhong Road
41%
Luoshan Road
41%
Shuyuan
41%
Siping Road
41%
Songjiang Xincheng
41%
Yindu Road
41%
Youyi Road
41%
Anting
40%
Chifeng Road
40%
Gongkang Road
40%
Jiangwan Stadium
40%
Jiashan Road
40%
Jinyun Road
40%
Longbai Xincun
40%
Shiguang Road
40%
West Yingao Road
40%
Yanchang Road
40%
Fengbang
39%
Hesha hangcheng
39%
Houtan
39%
Jianchuan Road
39%
Jiangwan Town
39%
Lingang Avenue
39%
Linping Road
39%
Sanlin
39%
Songjiang Sports Center
39%
Tonghe Xincun
39%
Xingzhong Road
39%
Zhongchun Road
39%
Zizhu Hi-Tech Park
39%
Beiqiao
38%
Guangming Road
38%
North Xizang Road
38%
Wild Animal Park
38%
Xinjiangwancheng
38%
Yili Road
38%
Caohejing Hi-Tech Park
37%
China Art Museum
37%
Hechuan Road
37%
Hongbaoshi Road
37%
Jiangchuan Road
37%
Shuicheng Road
37%
West Gaoke Road
37%
World Expo Museum
37%
Xidu
37%
Zhenxin Xincun
37%
Baoyang Road
36%
Changqing Road
36%
East Hangtou
36%
Hongmei Road
36%
Huinan
36%
Jinqiao
36%
Jufeng Road
36%
Lantian Road
36%
Oriental Land
36%
Shanghai Swimming Center
36%
Songfa Road
36%
Wenjing Road
36%
Yuqiao
36%
Zhangjiang Road
36%
Changshou Road
35%
East Huinan
35%
East Zhoupu
35%
Fengpu Avenue
35%
Guiqiao Road
35%
Jinhai Lake
35%
Longxi Road
35%
North Waigaoqiao Free Trade Zone
35%
Shanghai Automobile City
35%
South Waigaoqiao Free Trade Zone
35%
Wuning Road
35%
Xinchang
35%
Yingao Road
35%
Zhanghuabang
35%
Zhuguang Road
35%
East China University of Science and Technology
34%
East Yingao Road
34%
Hongxin Road
34%
Jiangpu Park
34%
Malu
34%
Middle Huaihai Road
34%
North Sichuan Road
34%
Shanghai Children's Medical Center
34%
Shibo Avenue
34%
Songbin Road
34%
Yaohua Road
34%
Youdian Xincun
34%
Yuanshen Stadium
34%
Zhaofeng Road
34%
Ziteng Road
34%
Daduhe Road
33%
Gaoqiao
33%
Guoquan Road
33%
International Cruise Terminal
33%
Jiangpu Road
33%
Kangxin Highway
33%
Minsheng Road
33%
Qingpu Xincheng
33%
Sanlu Highway
33%
Shanghai University of Finance and Economics
33%
West Huaxia Road
33%
West Jinshajiang Road
33%
Huangxing Park
32%
Huaning Road
32%
Songyuan Road
32%
South Lingyan Road
32%
Boxing Road
31%
Changfeng Park
31%
Dongming Road
31%
East Sanlin
31%
Fangdian Road
31%
Hongcao Road
31%
Huanchengdong Road
31%
Huizhen Road
31%
Shangda Road
31%
South Yanggao Road
31%
Wangyuan Road
31%
Wuzhou Avenue
31%
Xiaotang
31%
Xiuyan Road
31%
Zhoupu
31%
Anshan Xincun
30%
Baiyin Road
30%
Changping Road
30%
Donglan Road
30%
Jinqiao Road
30%
Longde Road
30%
Longyao Road
30%
Qihua Road
30%
Taopu Xincun
30%
Yunshan Road
30%
Beiyangjing Road
29%
Changyi Road
29%
Chengshan Road
29%
Gudai Road
29%
Jinping Road
29%
Lingzhao Xincun
29%
Linyi Xincun
29%
Shangnan Road
29%
Wuwei Road
29%
Xiangyin Road
29%
Xujingbeicheng
29%
Aiguo Road
28%
Chenxiang Highway
28%
Dongjing Road
28%
East Changji Road
28%
Fengqiao Road
28%
Hangjin Road
28%
Jinxiu Road
28%
Liziyuan
28%
North Yanggao Road
28%
Qilianshan Road
28%
West Gaoqiao
28%
Yangsi
28%
Yunjin Road
28%
Zhouhai Road
28%
Lianxi Road
27%
Middle Yanji Road
27%
Quyang Road
27%
Sanmen Road
27%
South Qilianshan Road
27%
Taierzhuang Road
27%
Wulian Road
27%
Xiasha
27%
Zhenbei Road
27%
Dachang Town
26%
Jiangyue Road
26%
Langao Road
26%
Nenjiang Road
26%
Pujiang Town
26%
Pusan Road
26%
Shanghai Natural History Museum
26%
West Huajing
26%
Zhongke Road
26%
Changzhong Road
25%
Donglu Road
25%
Fanghua Road
25%
Gaoqing Road
25%
Guofan Road
25%
Huangxing Road
25%
Kangqiao
25%
Liuhang
25%
Longchang Road
25%
Luonan Xincun
25%
Pudong Football Stadium
25%
Tongchuan Road
25%
Wuding Road
25%
Wuzhong Road
25%
Beicai
24%
Dahuasan Road
24%
Deping Road
24%
Dianshanhu Avenue
24%
Fengzhuang
24%
Jinji Road
24%
Luoxiu Road
24%
Minlei Road
24%
Panguang Road
24%
Panlong Road
24%
Shenmei Road
24%
South Hongmei Road
24%
Xingzhi Road
24%
Yingchun Road
24%
Yuanshen Road
24%
Yuntai Road
24%
Zhaoxiang
24%
Zhongxing Road
24%
Jingxi Road
23%
Jinqiu Road
23%
Lianhang Road
23%
Minrui Road
23%
Nanchen Road
23%
Yuanjiang Road
23%
Caoying Road
22%
Luheng Road
22%
Shuangbai Road
22%
Xianan Road
22%
Xiepu Road
22%
Xuelin Road
22%
Xuying Road
22%
Dongchengyi Road
21%
Fangxin Road
21%
Fushun Road
21%
Jiangning Road
21%
Middle Jiasong Road
21%
Puhang Road
21%
Shenjiang Road
21%
Xincun Road
21%
Yongde Road
21%
Zhongning Road
21%
Chenchun Road
20%
Fanrong Road
20%
Ningguo Road
20%
Shuangjiang Road
20%
Danyang Road
19%
East Wuwei Road
19%
Gutang Road
19%
Hetao Road
19%
Huijin Road
19%
Lexiu Road
19%
Pingliang Road
19%
Zhumei Road
19%
Nanda Road
18%
Shujian Road
18%
Yaohong Road
18%
Gulang Road
16%
Huapeng Road
16%
Jinjing Road
16%
Jinyue Road
16%
Zhenguang Road
16%
Beizhong Road
15%
Dingbian Road
15%
Huangyang Road
15%
Lintao Road
15%
North Meiling Road
15%
Qi'an Road
15%
Jiayi Road
14%
Yunshun Road
13%
Fengxiang Road
11%
Panxiang Road
5%
Xicen
5%
Yanyu Road
5%
Pingzhuang Highway
0%
No matching quizzes found
Score Distribution
Percent of People with Each Score
Percentile by Number Answered
Your Score History
You have not taken this quiz since the last reset